<?xml version="1.0" encoding="UTF-8"?>
<collection xmlns="http://www.loc.gov/MARC21/slim">
 <record>
  <leader>02616cam a2200541 c 4500</leader>
  <controlfield tag="001">1133804675</controlfield>
  <controlfield tag="003">DE-627</controlfield>
  <controlfield tag="005">20230320092253.0</controlfield>
  <controlfield tag="007">tu</controlfield>
  <controlfield tag="008">980129s1951    xx |||||      00| ||ger c</controlfield>
  <datafield tag="035" ind1=" " ind2=" ">
   <subfield code="a">(DE-627)1133804675</subfield>
  </datafield>
  <datafield tag="035" ind1=" " ind2=" ">
   <subfield code="a">(DE-576)063804670</subfield>
  </datafield>
  <datafield tag="035" ind1=" " ind2=" ">
   <subfield code="a">(DE-599)BSZ063804670</subfield>
  </datafield>
  <datafield tag="035" ind1=" " ind2=" ">
   <subfield code="a">(OCoLC)05281269</subfield>
  </datafield>
  <datafield tag="035" ind1=" " ind2=" ">
   <subfield code="a">(DE-604)8053917677</subfield>
  </datafield>
  <datafield tag="040" ind1=" " ind2=" ">
   <subfield code="a">DE-627</subfield>
   <subfield code="b">ger</subfield>
   <subfield code="c">DE-627</subfield>
   <subfield code="e">rakwb</subfield>
  </datafield>
  <datafield tag="041" ind1=" " ind2=" ">
   <subfield code="a">ger</subfield>
  </datafield>
  <datafield tag="084" ind1=" " ind2=" ">
   <subfield code="a">ZC 74000</subfield>
   <subfield code="2">rvk</subfield>
   <subfield code="0">(DE-625)rvk/155168:</subfield>
  </datafield>
  <datafield tag="084" ind1=" " ind2=" ">
   <subfield code="a">ZC 73200</subfield>
   <subfield code="2">rvk</subfield>
   <subfield code="0">(DE-625)rvk/155142:</subfield>
  </datafield>
  <datafield tag="084" ind1=" " ind2=" ">
   <subfield code="a">RC 20684</subfield>
   <subfield code="2">rvk</subfield>
   <subfield code="0">(DE-625)rvk/142224:12822</subfield>
  </datafield>
  <datafield tag="100" ind1="1" ind2=" ">
   <subfield code="a">Bertsch, Karl</subfield>
   <subfield code="d">1878-1965</subfield>
   <subfield code="0">(DE-588)116150165</subfield>
   <subfield code="0">(DE-627)077671627</subfield>
   <subfield code="0">(DE-576)290310318</subfield>
   <subfield code="4">aut</subfield>
  </datafield>
  <datafield tag="245" ind1="1" ind2="0">
   <subfield code="a">Geschichte des deutschen Waldes</subfield>
   <subfield code="c">Karl Bertsch</subfield>
  </datafield>
  <datafield tag="250" ind1=" " ind2=" ">
   <subfield code="a">3., durchges. Aufl.</subfield>
  </datafield>
  <datafield tag="264" ind1=" " ind2="1">
   <subfield code="a">Jena</subfield>
   <subfield code="b">Fischer</subfield>
   <subfield code="c">1951</subfield>
  </datafield>
  <datafield tag="300" ind1=" " ind2=" ">
   <subfield code="a">118 S.</subfield>
   <subfield code="b">Ill., graph. Darst., Kt.</subfield>
  </datafield>
  <datafield tag="336" ind1=" " ind2=" ">
   <subfield code="a">Text</subfield>
   <subfield code="b">txt</subfield>
   <subfield code="2">rdacontent</subfield>
  </datafield>
  <datafield tag="337" ind1=" " ind2=" ">
   <subfield code="a">ohne Hilfsmittel zu benutzen</subfield>
   <subfield code="b">n</subfield>
   <subfield code="2">rdamedia</subfield>
  </datafield>
  <datafield tag="338" ind1=" " ind2=" ">
   <subfield code="a">Band</subfield>
   <subfield code="b">nc</subfield>
   <subfield code="2">rdacarrier</subfield>
  </datafield>
  <datafield tag="583" ind1="1" ind2=" ">
   <subfield code="a">Archivierung prüfen</subfield>
   <subfield code="c">20200919</subfield>
   <subfield code="f">DE-640</subfield>
   <subfield code="z">3</subfield>
   <subfield code="2">pdager</subfield>
  </datafield>
  <datafield tag="689" ind1="0" ind2="0">
   <subfield code="d">g</subfield>
   <subfield code="0">(DE-588)4011882-4</subfield>
   <subfield code="0">(DE-627)104704861</subfield>
   <subfield code="0">(DE-576)208896155</subfield>
   <subfield code="a">Deutschland</subfield>
   <subfield code="2">gnd</subfield>
  </datafield>
  <datafield tag="689" ind1="0" ind2="1">
   <subfield code="d">s</subfield>
   <subfield code="0">(DE-588)4064354-2</subfield>
   <subfield code="0">(DE-627)104141573</subfield>
   <subfield code="0">(DE-576)209152923</subfield>
   <subfield code="a">Wald</subfield>
   <subfield code="2">gnd</subfield>
  </datafield>
  <datafield tag="689" ind1="0" ind2="2">
   <subfield code="a">z</subfield>
   <subfield code="2">gnd</subfield>
   <subfield code="a">Geschichte</subfield>
  </datafield>
  <datafield tag="689" ind1="0" ind2=" ">
   <subfield code="5">(DE-627)</subfield>
  </datafield>
  <datafield tag="689" ind1="1" ind2="0">
   <subfield code="d">s</subfield>
   <subfield code="0">(DE-588)4064354-2</subfield>
   <subfield code="0">(DE-627)104141573</subfield>
   <subfield code="0">(DE-576)209152923</subfield>
   <subfield code="a">Wald</subfield>
   <subfield code="2">gnd</subfield>
  </datafield>
  <datafield tag="689" ind1="1" ind2="1">
   <subfield code="a">z</subfield>
   <subfield code="2">gnd</subfield>
   <subfield code="a">Geschichte</subfield>
  </datafield>
  <datafield tag="689" ind1="1" ind2=" ">
   <subfield code="5">(DE-627)</subfield>
  </datafield>
  <datafield tag="787" ind1="0" ind2="8">
   <subfield code="i">Rezensiert in</subfield>
   <subfield code="a">Schmitz, Hermann, 1891 - 1976</subfield>
   <subfield code="t">[Rezension von: Karl Bertsch, Geschichte des deutschen Waldes]</subfield>
   <subfield code="d">1952</subfield>
   <subfield code="w">(DE-627)183955259X</subfield>
  </datafield>
  <datafield tag="936" ind1="r" ind2="v">
   <subfield code="a">ZC 74000</subfield>
   <subfield code="b">Allgemeines</subfield>
   <subfield code="k">Agrar- und Forstwissenschaft, Gartenbau, Ernährungs- und Haushaltswissenschaft</subfield>
   <subfield code="k">Forstwesen</subfield>
   <subfield code="k">Waldbau</subfield>
   <subfield code="k">Allgemeines</subfield>
   <subfield code="0">(DE-627)1270818279</subfield>
   <subfield code="0">(DE-625)rvk/155168:</subfield>
   <subfield code="0">(DE-576)200818279</subfield>
  </datafield>
  <datafield tag="936" ind1="r" ind2="v">
   <subfield code="a">ZC 73200</subfield>
   <subfield code="b">Vegetations- und Waldgeschichte</subfield>
   <subfield code="k">Agrar- und Forstwissenschaft, Gartenbau, Ernährungs- und Haushaltswissenschaft</subfield>
   <subfield code="k">Forstwesen</subfield>
   <subfield code="k">Vegetations- und Waldgeschichte</subfield>
   <subfield code="0">(DE-627)1271487063</subfield>
   <subfield code="0">(DE-625)rvk/155142:</subfield>
   <subfield code="0">(DE-576)201487063</subfield>
  </datafield>
  <datafield tag="936" ind1="r" ind2="v">
   <subfield code="a">RC 20684</subfield>
   <subfield code="b">Forst- und Holzwirtschaftsgeografie</subfield>
   <subfield code="k">Geografie</subfield>
   <subfield code="k">Regionale Geografie</subfield>
   <subfield code="k">Europa</subfield>
   <subfield code="k">Mitteleuropa</subfield>
   <subfield code="k">Deutschland</subfield>
   <subfield code="k">Deutschland</subfield>
   <subfield code="k">Allgemeine Geografie</subfield>
   <subfield code="k">Anthropogeografie</subfield>
   <subfield code="k">Wirtschafts-, Handels- und Verkehrsgeografie</subfield>
   <subfield code="k">Wirtschaftsgeografie</subfield>
   <subfield code="k">Forst- und Holzwirtschaftsgeografie</subfield>
   <subfield code="0">(DE-627)1271645068</subfield>
   <subfield code="0">(DE-625)rvk/142224:12822</subfield>
   <subfield code="0">(DE-576)201645068</subfield>
  </datafield>
  <datafield tag="951" ind1=" " ind2=" ">
   <subfield code="a">BO</subfield>
  </datafield>
  <datafield tag="990" ind1=" " ind2=" ">
   <subfield code="a">Deutschland</subfield>
  </datafield>
  <datafield tag="990" ind1=" " ind2=" ">
   <subfield code="a">Wald</subfield>
  </datafield>
  <datafield tag="990" ind1=" " ind2=" ">
   <subfield code="a">Geschichte</subfield>
  </datafield>
  <datafield tag="990" ind1=" " ind2=" ">
   <subfield code="a">Wald</subfield>
  </datafield>
  <datafield tag="990" ind1=" " ind2=" ">
   <subfield code="a">Geschichte</subfield>
  </datafield>
  <datafield tag="991" ind1=" " ind2=" ">
   <subfield code="a">Rezensiertes Werk</subfield>
  </datafield>
  <datafield tag="999" ind1=" " ind2=" ">
   <subfield code="a">KXP-PPN1133804675</subfield>
   <subfield code="e">4745208553</subfield>
  </datafield>
 </record>
</collection>
